La comunicación : (Registro nro. 6174)
[ vista simple ]
| 000 -LEADER | |
|---|---|
| fixed length control field | 01152nam a2200289Ia 4500 |
| 003 - CONTROL NUMBER IDENTIFIER | |
| control field | OSt |
| 005 - DATE AND TIME OF LATEST TRANSACTION | |
| control field | 20201028213921.0 |
| 008 - FIXED-LENGTH DATA ELEMENTS--GENERAL INFORMATION | |
| fixed length control field | 191128s1974 sp a gr 000 0 spa d |
| 020 ## - INTERNATIONAL STANDARD BOOK NUMBER | |
| International Standard Book Number | 8423402827 |
| 040 ## - CATALOGING SOURCE | |
| Original cataloging agency | CO-JMCR |
| Transcribing agency | CO-JMCR |
| 041 1# - LANGUAGE CODE | |
| Language code of text/sound track or separate title | spa |
| Language code of original | eng |
| 082 04 - DEWEY DECIMAL CLASSIFICATION NUMBER | |
| Classification number | 658.45 / |
| Item number | B735c |
| Edition number | 23 |
| 100 1# - MAIN ENTRY--PERSONAL NAME | |
| Personal name | Bormann, Ernest G, |
| Relator term | autor |
| 9 (RLIN) | 12169 |
| 245 13 - TITLE STATEMENT | |
| Title | La comunicación : |
| Remainder of title | un problema de la organización moderna / |
| Statement of responsibility, etc. | Ernest G. Bormann, William S. Howell, Ralph G., Nichols y [1 más] ; traductor M.P. Ferrer |
| 260 ## - PUBLICATION, DISTRIBUTION, ETC. | |
| Place of publication, distribution, etc. | Bilbao : |
| Name of publisher, distributor, etc. | Ediciones Deusto, |
| Date of publication, distribution, etc. | 1974 |
| 300 ## - PHYSICAL DESCRIPTION | |
| Extent | 357 páginas : |
| Other physical details | ilustraciones a blanco y negro ; |
| Dimensions | 22 cm. |
| 504 ## - BIBLIOGRAPHY, ETC. NOTE | |
| Bibliography, etc. note | Bibliografía al final de cada capítulo. |
| 505 0# - FORMATTED CONTENTS NOTE | |
| Formatted contents note | La organización y el individuo -- El individuo en la organización |
| 534 ## - ORIGINAL VERSION NOTE | |
| Introductory phrase | Interpersonal communication in the moder organization |
| 546 ## - LANGUAGE NOTE | |
| Language note | Traducido del inglés |
| 650 14 - SUBJECT ADDED ENTRY--TOPICAL TERM | |
| Topical term or geographic name entry element | Comunicación en administración |
| 9 (RLIN) | 12170 |
| 650 14 - SUBJECT ADDED ENTRY--TOPICAL TERM | |
| Topical term or geographic name entry element | Comunicación organizacional |
| 9 (RLIN) | 338 |
| 700 1# - ADDED ENTRY--PERSONAL NAME | |
| Personal name | Howell, William S., |
| Relator term | autor |
| 9 (RLIN) | 12171 |
| 700 1# - ADDED ENTRY--PERSONAL NAME | |
| Personal name | Nichols, Ralph G., |
| Relator term | autor |
| 9 (RLIN) | 12172 |
| 700 1# - ADDED ENTRY--PERSONAL NAME | |
| Personal name | Ferrer, M.P., |
| Relator term | traductor |
| 9 (RLIN) | 12173 |
| 942 ## - ADDED ENTRY ELEMENTS (KOHA) | |
| Source of classification or shelving scheme | Dewey Decimal Classification |
| Koha item type | Books |
| Withdrawn status | Lost status | Source of classification or shelving scheme | Damaged status | Not for loan | Collection code | Home library | Current library | Date acquired | Source of acquisition | Full call number | Barcode | Date last seen | Copy number | Koha item type |
|---|---|---|---|---|---|---|---|---|---|---|---|---|---|---|
| Dewey Decimal Classification | Non-fiction | Biblioteca Pública José María del Castillo y Rada | Biblioteca Pública José María del Castillo y Rada | 04/15/2018 | Donación | 658.45 / B735c | 430012122 | 05/16/2024 | Ej.1 | Books |